Estatísticas para Cultura Geral

Clique aqui para jogar o quiz

Estatísticas Gerais

  • Esse quiz foi jogado 23 vezes
  • A pontuação média é 8 de 15

Estatísticas das Respostas

HintResposta% Correto
Em que país podemos encontrar a cidade de Seul?Coreia do Sul
100%
Domino's Pizza é um empresa de que?Pizza
91%
Égua é o feminino de que animal?Cavalo
86%
Qual é a maior cadeia mundial de restaurantes de fast food de hambúrguer?McDonald's
82%
Parmesão é um tipo de que?Queijo
77%
A Zeppola é típica de que país?Itália
68%
Que nome damos aos utensílios usados para manipular e facilitar o ato de se alimentar?Talheres
68%
O que é esparguete?Massa
59%
Que nome damos a um evento em um espaço público em que as pessoas, em dias e épocas predeterminados, expõem e vendem mercadoriaa?Feira
55%
Macarrão com queijo é um prato típico de que país?Estados Unidos
41%
Em que estado dos EUA podemos encontrar a sede da empresa Pizza Hut?Texas
41%
Em que estado dos EUA podemos encontrar a cidade de Buffalo?Nova Iorque
32%
Em que estado dos EUA podemos encontrar a cidade de Lakewood?Colorado
14%
O que é Clamato?Bebida
5%
O Baursak é um pão típico de que país?Cazaquistão
0%

Distribuição das Pontuações

Percentil de Números Respondidos

Porcentagem de Pessoas com Cada Pontuação

Sua Pontuação Histórica

Você não jogou esse quiz